| 000 | 00586nam a2200253Ia 4500 | ||
|---|---|---|---|
| 008 | 210210b2003 xxu||||| |||| 00| 0 eng d | ||
| 020 | _a812500307x | ||
| 041 | _aeng | ||
| 082 | _a821.008 | ||
| 100 | _aMURDOCH (David). | ||
| 245 |
_aSiren's song. _bAnthology of British and American verse. |
||
| 260 |
_aHyderabad _bOrient Longman _c2003 |
||
| 650 | _averse. | ||
| 650 | _asong. | ||
| 650 | _aSiren | ||
| 650 | _as | ||
| 650 | _aof | ||
| 650 | _aBritish | ||
| 650 | _aAnthology | ||
| 650 | _aand | ||
| 650 | _aAmerican | ||
| 690 | _aEnglish Poetry | ||
| 906 | _a061808 | ||
| 999 |
_c115318 _d115318 |
||